000 00918nam a22002415i 4500
001 153565
003 ES-MaACL
005 20251013234900.0
008 001010s1874 it |||| | ita d
040 _aCYL
_bspa
_cCYL
245 0 2 _aI drammi de' boschi e delle marine...
260 _aMilano :
_bEdoardo Sonzogno,
_c1874.
300 _a427 p. ;
_c19 cm.
505 8 _aContiene: L'aminta / di Torquato Tasso. Il pastor fido / di Battista Guarini. La filli di sciro / di Guidubaldo Bonarelli. L'alceo / di Antonio Ongaro.
700 1 1 _aTasso, Torquato (
_d1544-1595).
_tAminta.
_9222067
700 1 1 _aGuarini, Battista,
_d1538-1612
_9127590
700 1 1 _aBonarelli, Guidubaldo.
_tFilli di sciro.
_9126054
700 1 1 _aOngaro, Antonio.
_tAlceo.
_9130658
700 1 1 _aSonzogno, Edoardo,
_eed.
_9132820
752 _aItalia -
_dMilán
852 _aES-MaACL
_jG-10428
_z-- Enc. hol.
999 _c153565
_d153565